000 00340nam a2200121Ia 4500
008 190216s9999||||xx |||||||||||||| ||und||
100 _aAswathappa K & Shridhara Bhat K
245 0 _aProduction And Operations Management
260 _bTata Mcgraw Hill Publishing Company Ltd
_c2003
300 _a609p
650 _aManagement
942 _cBK
999 _c6503
_d6503